Central Library OPAC University of Rajshahi

Humorists of the eighteenth century / (Record no. 18750)

MARC details
000 -LEADER
fixed length control field 00729cam a2200241u 4500
001 - CONTROL NUMBER
control field 18750
003 - CONTROL NUMBER IDENTIFIER
rucl marc code BD-RjUL
005 - DATE AND TIME OF LATEST TRANSACTION
control field 20211209000329.0
008 - FIXED-LENGTH DATA ELEMENTS--GENERAL INFORMATION
fixed length control field 140222s1962 enka 000 0 eng
035 ## - SYSTEM CONTROL NUMBER
System control number (BD-RjUL)18808
040 ## - CATALOGING SOURCE
Original cataloging agency DLC
Transcribing agency CarP
Modifying agency DLC
-- BD-RjUL
Language of cataloging eng
041 ## - LANGUAGE CODE
Language code of text/sound track or separate title eng
082 ## - DEWEY DECIMAL CLASSIFICATION NUMBER
Classification number 823.7
Author mark and year HUM 1962
245 10 - TITLE STATEMENT
Title Humorists of the eighteenth century /
Statement of responsibility, etc. Edited by G. G. Urwin
260 ## - PUBLICATION, DISTRIBUTION, ETC. (IMPRINT)
Place of publication, distribution, etc. London :
Name of publisher, distributor, etc. J. Murray,
Date of publication, distribution, etc. c1962.
300 ## - PHYSICAL DESCRIPTION
Pagination 336 p. :
Illustrations illus. ;
Size 20 cm.
650 #0 - SUBJECT ADDED ENTRY--TOPICAL TERM
Topical term or geographic name as entry element English literature
Chronological subdivision 18th century.
9 (RLIN) 4254
Topical term or geographic name as entry element English wit and humor.
9 (RLIN) 57804
700 1# - ADDED ENTRY--PERSONAL NAME
Personal name Urwin,G. G. , [from old catalog]
Fuller form of name ( George Glencairn) ed.
942 ## - ADDED ENTRY ELEMENTS (KOHA)
Source of classification or shelving scheme Dewey Decimal Classification
Koha item type Books
Holdings
Lost status Source of classification or shelving scheme Damaged status Not for loan Collection code Permanent Location Current Location Shelving location Date acquired Source of acquisition Cost, normal purchase price Total Checkouts Full call number Date last seen Copy number Koha item type
  Dewey Decimal Classification   Not For Loan Fiction Central Library, University of Rajshahi Central Library, University of Rajshahi Reading Room 14/05/1974 Oxford University Press 13.20   823.7 HUM 1962 22/02/2014 C-1 Books